<?xml version="1.0" encoding="UTF-8"?>
<record
    xmlns:xsi="http://www.w3.org/2001/XMLSchema-instance"
    xsi:schemaLocation="http://www.loc.gov/MARC21/slim http://www.loc.gov/standards/marcxml/schema/MARC21slim.xsd"
    xmlns="http://www.loc.gov/MARC21/slim">

  <leader>01259nam a2200193 a 4500</leader>
  <controlfield tag="008">180205e2000    ag ||||g |||| 00| 0 spa d</controlfield>
  <datafield tag="020" ind1=" " ind2=" ">
    <subfield code="a">9879332040</subfield>
  </datafield>
  <datafield tag="041" ind1=" " ind2=" ">
    <subfield code="a">spa</subfield>
  </datafield>
  <datafield tag="092" ind1=" " ind2=" ">
    <subfield code="c">808</subfield>
    <subfield code="l">51</subfield>
    <subfield code="s">MAR</subfield>
  </datafield>
  <datafield tag="100" ind1=" " ind2="1">
    <subfield code="a">Mariscal, Enrique</subfield>
    <subfield code="9">4364</subfield>
  </datafield>
  <datafield tag="245" ind1=" " ind2=" ">
    <subfield code="a">Cuentos para regalar.</subfield>
    <subfield code="b">A personas inteligentes/</subfield>
    <subfield code="c">Enrique Mariscal</subfield>
  </datafield>
  <datafield tag="250" ind1=" " ind2=" ">
    <subfield code="a">6a ed.</subfield>
  </datafield>
  <datafield tag="260" ind1=" " ind2=" ">
    <subfield code="a">Buenos Aires:</subfield>
    <subfield code="b">Serendipidad;</subfield>
    <subfield code="c">2000.</subfield>
  </datafield>
  <datafield tag="300" ind1=" " ind2=" ">
    <subfield code="a">174 p.</subfield>
  </datafield>
  <datafield tag="500" ind1=" " ind2=" ">
    <subfield code="a">Mariscal, E. (2000). Cuentos para regalar. A personas inteligentes. (6a ed.). Buenos Aires : Serendipidad.</subfield>
  </datafield>
  <datafield tag="505" ind1=" " ind2=" ">
    <subfield code="a">Un cuento es algo serio, para re&#xED;r y pensar. Un lenguaje breve y magn&#xE9;tico, oportunidad para el di&#xE1;logo, la complicidad, la entrega y la confianza, tarea de amigos. No para entretener, ni para pasar el rato. Tampoco para matar el aburrimiento. Gracia para pensar libremente, escenario provocante y creativo, metaf&#xF3;rico y autoir&#xF3;nico. Cuando los grandes maestros quer&#xED;an superar todo encierro intelectual porque sent&#xED;an las limitaciones de la definici&#xF3;n, recurr&#xED;an a la par&#xE1;bola, a la fabula, al mito o al sue&#xF1;o. Relatos comprometidos con una b&#xFA;squeda espiritual, son para crear, se&#xF1;ores del cambio, dignos de ser regalado: acompa&#xF1;an e inspiran. </subfield>
  </datafield>
  <datafield tag="655" ind1=" " ind2=" ">
    <subfield code="a">Literatura</subfield>
    <subfield code="9">2917</subfield>
  </datafield>
  <datafield tag="942" ind1=" " ind2=" ">
    <subfield code="2">ddc</subfield>
    <subfield code="c">LIT</subfield>
  </datafield>
  <datafield tag="999" ind1=" " ind2=" ">
    <subfield code="c">3322</subfield>
    <subfield code="d">3322</subfield>
  </datafield>
  <datafield tag="952" ind1=" " ind2=" ">
    <subfield code="0">0</subfield>
    <subfield code="1">0</subfield>
    <subfield code="2">ddc</subfield>
    <subfield code="4">0</subfield>
    <subfield code="7">0</subfield>
    <subfield code="a">BFM</subfield>
    <subfield code="b">BFM</subfield>
    <subfield code="c">CR</subfield>
    <subfield code="d">2026-05-26</subfield>
    <subfield code="e">Donaci&#xF3;n Mayo 2026</subfield>
    <subfield code="l">0</subfield>
    <subfield code="o">808 51 MAR</subfield>
    <subfield code="p">5167</subfield>
    <subfield code="r">2026-05-26</subfield>
    <subfield code="t">Ej. 1</subfield>
    <subfield code="w">2026-05-26</subfield>
    <subfield code="y">LIT</subfield>
    <subfield code="z">Donaci&#xF3;n Mayo 2026. Sede Tordos.</subfield>
    <subfield code="f"></subfield>
  </datafield>
</record>
